000 00422nam a2200181Ia 4500
001 10725
005 20260306161853.0
008 260306t1961||||xx |||||||||||||| ||spa||
041 _aESP
082 _a946.7
_bV62
100 _aVicens Vives, Jaime
_eAUT
245 0 _aCataluña en el siglo XIX
260 _c1961
300 _a452 páginas :
_c19 cm.
650 _aGEN
654 _aCHU
942 _cLIB
_dJUS
_fJUS
_2ddc
_n
999 _c10725
_d10725